Name A Valid Marvel Movie - Statistics

General Stats
  • This quiz has been taken 427 times
    329 since last reset
  • The average score is 16 of 23
Answer Stats
Name A Valid Answers Marvel Movie % Correct
That is a third movie in a given franchise 10 X-Men: The Last Stand| Logan| Avengers: Infinity War| Iron Man 3| Thor: Ragnarok| Blade: Trinity| Captain America: Civil War| Spider-Man: No Way Home| Guardians of the Galaxy Vol. 3| Ant-Man and the Wasp: Quantumania
96%
With Chris Evans 12 Fantastic Four| Fantastic Four: Rise of the Silver Surfer| Captain America: The First Avenger| The Avengers| Captain America: The Winter Soldier| Thor: The Dark World| Avengers: Age of Ultron| Ant-Man| Captain America: Civil War| Spider-Man: Homecoming| Avengers: Infinity War| Avengers: Endgame
87%
About a team 25 X-Men| X-2: X-Men United| X-Men: The Last Stand| X-Men: First Class| X-Men: Days of Future Past| X-Men: Apocalypse| X-Men: Dark Phoenix| The Avengers| Avengers: Age of Ultron| Avengers: Infinity War| Avengers: Endgame| Fantastic Four| Fantastic Four| Fantastic Four: Rise of the Silver Surfer| Big Hero 6| Guardians of the Galaxy| Guardians of the Galaxy Vol. 2| The Guardians of the Galaxy Holiday Special| Spider-Man: Into the Spider-Verse| Deadpool 2| The New Mutants| Captain America: Civil War| Eternals| Guardians of the Galaxy Vol. 3| Spider-Man: Across the Spider-Verse| The Marvels
87%
With talk of Time-Travel or the Multiverse 10 X-Men: Days of Future Past| Deadpool 2| Spider-Man: Far From Home| Avengers: Endgame| Spider-Man: No Way Home| Doctor Strange in the Multiverse of Madness| Ant-Man| Ant-Man and the Wasp| Ant-Man and the Wasp: Quantumania| Doctor Strange
85%
That starts with the letter A 6 Avengers: Age of Ultron| Ant-Man| Avengers: Infinity War| Ant-Man and the Wasp| Avengers: Endgame| Ant-Man and the Wasp: Quantumania
84%
That has ONLY one word 14 Blade| Thor| Hulk| Eternals| Ghostrider| X-Men| Logan| Deadpool| Spider-Man| Ant-Man| Daredevil| Elektra| Morbius| Venom
84%
In the MCU's Phase One 6 Iron Man| The Incredible Hulk| Iron Man 2| Thor| Captain America: The First Avenger| The Avengers
84%
With a LGBTQIA+ character 16 Eternals| Doctor Strange in the Multiverse of Madness| Thor: Ragnarok| Avengers: Endgame| Thor: Love and Thunder| Thor| Thor: The Dark World| The Avengers| Black Panther| Avengers: Infinity War| Black Panther: Wakanda Forever| Spider-Man: Homecoming| Deadpool| Deadpool 2| X-Men Origins: Wolverine| The Marvels
80%
Not in the MCU or X-Men universe 24 Ghostrider| Ghostrider: Spirit of Vengeance| Blade| Blade II| Blade: Trinity| Spider-Man| Spider-Man 2| Spider-Man 3| Captain America| Howard the Duck| The Punisher| Punisher: War Zone| Daredevil| Elektra| Spider-Man: Into the Spider-Verse| Big Hero 6| Venom| Morbius| Venom: Let There Be Carnage| Fantastic Four| Fantastic Four| Fantastic Four: Rise of the Silver Surfer| Hulk| The Amazing Spider-Man| The Amazing Spider-Man 2| Spider-Man: Across the Spider-Verse| Morbius| Madame Web
77%
Non-X-Men X-Men universe Film 6 X-Men Origins: Wolverine| The Wolverine| Deadpool| Logan| Deadpool 2| The New Mutants
77%
With A Fantastic Four Member 4 Fantastic Four| Fantastic Four: Rise of the Silver Surfer| Fantastic Four| Doctor Strange in the Multiverse of Madness
74%
That would be considered a horror movie 13 Blade| Blade II| Blade: Trinity| The New Mutants| Doctor Strange in the Multiverse of Madness| Werewolf by Night| Ghostrider| Ghostrider: Spirit of Vengeance| Elektra| Morbius| Venom| Venom: Let There Be Carnage| Madame Web| Doctor Strange
73%
Directed by someone who worked on a DC film 14 Guardians of the Galaxy| Guardians of the Galaxy Vol. 2| The Guardians of the Galaxy Holiday Special| The Avengers| Avengers: Age of Ultron| Iron Man| Iron Man 2| Thor: Ragnarok| Thor: Love and Thunder| X-Men| X-2: X-Men United| X-Men: Days of Future Past| Guardians of the Galaxy Vol. 3| Venom: Let There Be Carnage
73%
Takes place during or right after/ before Captain America: Civil War 5 Black Widow| Black Panther| Spider-Man: Homecoming| Captain America: Civil War| Ant-Man
71%
Directed by the Russo Brothers (Anthony and Joe) 4 Captain America: The Winter Soldier| Captain America: Civil War| Avengers: Infinity War| Avengers: Endgame
66%
WITHOUT a cameo by Stan Lee (Before his death) 19 Blade| Captain America| Blade II| Blade: Trinity| Howard the Duck| Hulk| Deadpool 2| Elektra| Ghostrider| Ghostrider: Spirit of Vengeance| X-2: X-Men United| X-Men Origins: Wolverine| The Wolverine| X-Men: Days of Future Past| Fantastic Four| X-Men: First Class| Logan| The Punisher| Punisher: War Zone
65%
Released before 2000 4 Blade| Howard the Duck| Captain America| The Punisher
65%
That is animated 3 Big Hero 6| Spider-Man: Into the Spider-Verse| Spider-Man: Across the Spider-Verse
63%
With a short film included with the home release 9 Thor| Captain America: The First Avenger| The Avengers| Iron Man 3| Captain America: The Winter Soldier| Captain America: Civil War| Guardians of the Galaxy Vol. 2| Black Panther| Spider-Man: Far From Home
57%
With Matt Damon or Ben Affleck 5 Daredevil| Deadpool 2| Thor: Ragnarok| Thor: Love and Thunder| Elektra
56%
Non-Spider-Man-Spider-Verse film 4 Venom| Venom: Let There Be Carnage| Morbius| Madame Web
55%
That was originally released at least semi on Disney Plus 1 Black Widow
41%
That is a Special Presentation 2 Werewolf by Night| The Guardians of the Galaxy Holiday Special
30%
No matching quizzes found
Score Distribution
Percent of People with Each Score
Percentile by Number Answered
Your Score History
You have not taken this quiz since the last reset